000 01797nam a22003737a 4500
003 OSt
005 20230817132324.0
008 221006b |||||||| |||| 00| 0 eng d
040 _cBiblioteca Lado V
082 _a305
_bM953m
130 _9949
_aMujer/Fempress
_lspa
245 _aMujer/Fempress/
_bRed de comunicación alternativa de la mujer/
260 _bFEMPRESS
_c1998
_aChile
300 _c22x31cm
_a29p.
490 _v1998
_a199
505 _aCasi casi la hora de las mujeres Mayor participación en poderes públicos
_tCOLOMBIA
505 _aLeyes y Prejuicios
_tCOSTA RICA
505 _aMujeres en radio y televisión. Una estrategia para el Cono Sur
_tURUGUAY
505 _aBox, otra arena de lucha por la igualdad
_tMEXICO
505 _aHillary Clinton. Siglo XXI Desafíos y Esperanzas Cumbre de los pueblos de las Américas Alianza Social Continental
_tCHILE
505 _aEvita como modelo de subversión Cuidar el cuerpo es tarea feminista Irrumpen las talladoras
_tPUERTO RICO
505 _aDos candidatas a la presidencia Campaña de la ONU Una vida sin violencia es un derecho nuestro
_tECUADOR
505 _aEl Patrimonio de Susana
_tARGENTINA
505 _aBella Abzug Una gringa excepcional
_tINTERNACIONAL
505 _aEstado Venezolano demandado ante la OEA Víctima de violencia y homicida
_tVENEZUELA
505 _aRECORTES
505 _aCOMUNICANDONOS
650 _2Tesauro de Arte & Arquitectura
_aMUJER
_9703
650 _2Tesauro de Arte & Arquitectura
_aCOMUNICACIÓN
650 _2Tesauro de Arte & Arquitectura
_aRED FEMENINA
650 _2Tesauro de Arte & Arquitectura
_aCULTURA
651 _2Tesauro de Arte & Arquitectura
_aINTERNACIONAL
942 _2ddc
_c1
_h305
_iM953m
_n0
999 _c4164
_d4164